Βυζάντιο : μια ιστορία
Αποθηκεύτηκε σε:
| Κύριος συγγραφέας: | |
|---|---|
| Άλλοι συγγραφείς: | |
| Μορφή: | Βιβλίο |
| Γλώσσα: | Greek English |
| Δημοσίευση: |
Αθήνα :
Ελληνικά Γράμματα,
2007.
|
| Θέματα: | |
| Ετικέτες: |
Προσθήκη ετικέτας
Δεν υπάρχουν, Καταχωρήστε ετικέτα πρώτοι!
|
MARC
| LEADER | 00000cam a2200000 i 4500 | ||
|---|---|---|---|
| 001 | 1/69563 | ||
| 008 | 080108s20072010gr | ||| |||| ||gre|| | ||
| 020 | |a 9789604429721 | ||
| 035 | |l 10093448 | ||
| 040 | |a GR-MY-UA |b gre |e aacr | ||
| 041 | 1 | |a gre |h eng | |
| 082 | 7 | |a 938.3 |2 (22) | |
| 100 | 1 | |a Haldon, John F. | |
| 245 | 1 | 0 | |a Βυζάντιο : |b μια ιστορία / |c John Haldon ; μετάφραση, επιμέλεια: Σοφία Ν. Σφυρόερα. |
| 260 | |a Αθήνα : |b Ελληνικά Γράμματα, |c 2007. | ||
| 300 | |a 343 σ. : |b εικ. ; |c 24 εκ. | ||
| 500 | |a Περιέχει γλωσσάρι. | ||
| 500 | |a Μετάφραση του: Byzantium | ||
| 500 | |a Τo c.2, c.3, c.4, c.5 είναι 4η έκδοση του 2010. | ||
| 651 | 0 | |a Byzantine Empire |x History. | |
| 651 | 0 | |a Byzantine Empire |x Civilization. | |
| 700 | 1 | |a Σφυρόερα, Σοφία Ν. |d 1956- |e trlf |e edtf | |
| 852 | |a INST |b LESVOS |e 20080109 |h 938.3 HAL |p 005100040516 |q 005100040516 |t BK |y 0 | ||
| 852 | |a INST |b LESVOS |e 20110825 |h 938.3 HAL |p 005100049919 |q 005100049919 |t BK |y 0 | ||
| 852 | |a INST |b LESVOS |e 20110825 |h 938.3 HAL |p 005100049920 |q 005100049920 |t BK |y 0 | ||
| 852 | |a INST |b LESVOS |e 20110825 |h 938.3 HAL |p 005100049921 |q 005100049921 |t BK |y 0 | ||
| 852 | |a INST |b LESVOS |e 20110825 |h 938.3 HAL |p 005100049922 |q 005100049922 |t BK |y 0 | ||
| 901 | |a BIBL1-2008-1 | ||
| 901 | |a BIBL1-2011-2 | ||
| 909 | |a Λ |b 140966 | ||
| 909 | |a Λ |b 171331 | ||
| 909 | |a Λ |b 171332 | ||
| 909 | |a Λ |b 171333 | ||
| 909 | |a Λ |b 171334 | ||
| 970 | |a ΓΙΑΛΑΜΑ |b ΜΑΡΙΑ |z 2008/01/08 | ||